| 000 | 00631nam a2200205Ia 4500 | ||
|---|---|---|---|
| 003 | GCL | ||
| 008 | 140319s9999 xx 000 0 ara d | ||
| 040 |
_aGCL / _cGCL |
||
| 082 | 0 | 4 |
_a813.083 _bت ت |
| 100 | 1 | _aتوين، مارك | |
| 245 | 1 | 0 |
_aتوم سوير : قصة حياة طفل / _cتوين، مارك |
| 700 | 1 | _aفريد عبدالرحمن (مراجع) | |
| 700 | 1 | _aماهر نسيم | |
| 260 |
_a[S.N] : _bمكتبة الانجلوالمصرية |
||
| 300 | _a296 ص | ||
| 490 |
_aالالف كتاب _v0 |
||
| 650 | 0 | 4 | _aالادب العربى |
| 650 | 0 | 4 | _aالقصص الاجتماعية |
| 942 |
_2ddc _cBK |
||
| 999 |
_c30239 _d30239 |
||